El puente de la ortografía; 3º año /
Guardado en:
| Autor Principal: | |
|---|---|
| Formato: | Libro |
| Publicado: |
Buenos Aires :
Santillana,
1992
|
| Materias: | |
| Etiquetas: |
Agregar Etiqueta
Sin Etiquetas, Sea el primero en etiquetar este registro!
|
| LEADER | 01207nam a22002895a 4500 | ||
|---|---|---|---|
| 001 | CEM.cems015711 | ||
| 005 | 20110330170401.0 | ||
| 008 | 130507s1992##################000#0#####d | ||
| 003 | CEMS | ||
| 020 | |a 9504601588 | ||
| 082 | 0 | 4 | |a 468.1 |
| 100 | 1 | |a Basch, Adela | |
| 245 | 1 | 0 | |a El puente de la ortografía; 3º año / |c Adela Basc y Beatriz A. Fernández de Reboursin |
| 260 | |a Buenos Aires : |b Santillana, |c 1992 | ||
| 300 | |a 111 p. | ||
| 653 | |a Lengua y literatura | ||
| 653 | |a Lingüística | ||
| 653 | |a Ortografía | ||
| 859 | |a CEMS |b BIB. CEMS - Agricultura |h 468.1 |i B29 |p A18863.96 |t Ej.1 |v 3 |3 3 | ||
| 859 | |a CEMS |b BIB. CEMS - 11 de abril |h 468.1 |i B29/III |p 16552.92 |t Ej.1 | ||
| 859 | |a CEMS |b BIB. CEMS - 11 de abril |h 468.1 |i B29/III |p 16662.92 |t Ej.2 | ||
| 859 | |a CEMS |b BIB. CEMS - 11 de abril |h 468.1 |i B29/III |p 16663.92 |t Ej.3 | ||
| 859 | |a CEMS |b BIB. CEMS - 11 de abril |h 468.1 |i B29/III |p 16664.92 |t Ej.4 | ||
| 859 | |a CEMS |b BIB. CEMS - 11 de abril |h 468.1 |i B29/III |p 16665.92 |t Ej.5 | ||
| 859 | |a CEMS |b BIB. CEMS - 11 de abril |h 468.1 |i B29/III |p 16666.92 |t Ej.6 | ||
| 859 | |a CEMS |b BIB. CEMS - 11 de abril |h 468.1 |i B29/III |p 16842.93 |t Ej.7 | ||
| 859 | |a CEMS |b BIB. CEMS - 11 de abril |h 468.1 |i B29/III |p 17353.93 |t Ej.8 | ||
